000 00658nam a2200241Ia 4500
003 OSt
005 20221006155309.0
006 a|||||r|||| 00| 0
007 ta
008 221006b |||||||| |||| 00| 0 eng d
024 _a41,468
037 _cSeries Articles
040 _aEASL
_cEASL
_beng
041 _2eng
_aeng
100 _aWalker Kirsty
_9668838
245 0 _aIntimate interactions
_bEurasian family histories in colonial Penang
260 _aCambridge
_bCambridge University Press UK
_c2012
300 _a303-330
_ccm.
490 _v46
650 _aHistory
942 _cREF
_2CC
999 _c1109554
_d1109554